Chansons sur les huissiers - Statistiques

Statistiques générales
  • Ce quiz a été pris 30 fois
    19 depuis la dernière actualisation
  • Le résultat moyen est 2 sur 8
Statistiques - réponses
Extrait Artiste ou Titre % Correct
Qui dit crédit dit créance, Qui dit dette te dit huissier, Et lui dit assis dans la merde. Qui dit amour dit les gosses, Dit toujours et dit divorce Stromae - Alors on danse
100%
Ils payent jamais leur loyer,
quand les huissiers déboulent, ils écrivent à Libé, c'est vous dire s'ils sont cools !
Renaud - Mon HLM
53%
Personne n'était là quand mama pointait aux Resto de Coeur,Personne n'était là quand les huissiers défonçaient ma porte. La fouine - Qui peut me stopper
21%
Est ce que t'as remarqué ? Qu'ça fait six mois qu'on paye pas l'loyerQue l'huissier laisse des lettres sur le pallier Laylow, Wit - De batard
16%
La mort en courrier recommandé; Les huissiers à l'entrée, le gun est chargé Bang, ils m'vilipendaient Damso - Dix leurres
11%
En plus les "blempro" (toc toc ) tapent a ma porte, Si c'est les huissiers (clap clap) j'crois qu'j'suis mort. Sexion d'assaut - Assez
11%
On m'a dit que t'as des factures à payer Et alors ? Que tu es pourchassée par tous les huissiers On s'en fout ! Dis L'Heure 2 Zouk - Laisse parler les gens
0%
J'essuyais les larmes de ma mère quand les huissiers venait chez elle pour lui enlever tout ce qu'elle avait Niro - Fiers de nous
0%
Aucun quiz correspondant
Distribution des résultats
% des personnes avec chaque résultat
Percentile par nombre de réponses
Votre historique - résultats
Vous n’avez pas pris ce quiz depuis la dernière actualisation